Logos Close Up #1 - Statistics

General Stats
  • This quiz has been taken 4,095 times
    3,961 since last reset
  • The average score is 13 of 15
Answer Stats
Picture Answer % Correct
Google
96%
McDonald's
96%
Nasa
96%
Ford
94%
Subway
93%
Rolex
92%
Dunkin' Donuts
91%
Microsoft
89%
Gap
82%
Fed Ex Express
79%
MTV
79%
UPS
78%
CNBC/NBC
70%
Apple
64%
Dairy Queen
63%
No matching quizzes found
Score Distribution
Percent of People with Each Score
Percentile by Number Answered
Your Score History
You have not taken this quiz since the last reset